| 000 | 00965nam a22003017a 4500 | ||
|---|---|---|---|
| 001 | BR6200010 | ||
| 003 | BR-BrBNA | ||
| 005 | 20230928083401.0 | ||
| 007 | ta | ||
| 008 | 230509b bl.||||| |||| 00| 0 por d | ||
| 040 |
_aBR-BrBNA _bpor _cBiblioteca Nacional de Agricultura |
||
| 041 | _a(Por) | ||
| 072 |
_aF00; E70; C00 _b0332 _b/G514 |
||
| 090 | _ 0332 BR6200010 | ||
| 110 | 1 | _aDepartamento Nacional de Servicos de Comercializacao, Brasilia, DF (Brasil). Div. de Inspecao, Padronizacao e Classificacao | |
| 245 | 1 | _aCurso de classificadores. Produtos de origem vegetal. Amendoim [Arachis hipogaea; Controle de qualidade; Brasil] | |
| 260 | 3 |
_aBrasilia, DF (Brasil): _c1962. |
|
| 300 | _av. 1-2 | ||
| 500 | _a30 illus. | ||
| 650 | _aProducao vegetal | ||
| 650 | _aComercializacao | ||
| 650 | _aEnsino agricola | ||
| 650 | _aAmendoim | ||
| 650 | _aControle de qualidade | ||
| 650 | _aCurso | ||
| 909 |
_a202309 _bLucia _c55 _dLucia Elande |
||
| 942 | _cBK | ||
| 999 |
_c13168 _d13168 |
||